Formula One Grand Prix Winners - Statistics

General Stats
  • This quiz has been taken 52 times
  • The average score is 35 of 112
Answer Stats
Nationality Wins Driver % Correct
United Kingdom 103 Lewis Hamilton
100%
Germany 91 Michael Schumacher
100%
Germany 6 Ralf Schumacher
100%
Germany 53 Sebastian Vettel
100%
Brazil 41 Ayrton Senna
98%
France 51 Alain Prost
95%
Spain 32 Fernando Alonso
95%
Netherlands 28 Max Verstappen
93%
Austria 25 Niki Lauda
84%
United Kingdom 31 Nigel Mansell
82%
United Kingdom 22 Damon Hill
80%
United Kingdom 14 Graham Hill
80%
United Kingdom 27 Jackie Stewart
80%
United Kingdom 15 Jenson Button
80%
Argentina 24 Juan Manuel Fangio
80%
Finland 21 Kimi Raikkonen
80%
United States 3 Phil Hill
80%
Finland 20 Mika Hakkinen
75%
Brazil 23 Nelson Piquet
75%
Finland 5 Keke Rosberg
73%
Germany 23 Nico Rosberg
73%
Brazil 14 Emerson Fittipaldi
70%
United Kingdom 25 Jim Clark
70%
Australia 14 Jack Brabham
66%
United Kingdom 13 David Coulthard
64%
Canada 6 Gilles Villeneuve
61%
Canada 11 Jacques Villeneuve
61%
United Kingdom 16 Stirling Moss
61%
Italy 13 Alberto Ascari
55%
Australia 8 Daniel Ricciardo
50%
United States 12 Mario Andretti
50%
Finland 10 Valtteri Bottas
50%
Australia 12 Alan Jones
48%
United Kingdom 10 James Hunt
48%
Mexico 3 Sergio Perez
43%
New Zealand 8 Denny Hulme
41%
Italy 5 Giuseppe Farina
41%
Monaco 5 Charles Leclerc
39%
France 1 Esteban Ocon
36%
Austria 6 Jochen Rindt
36%
South Africa 10 Jody Scheckter
36%
United Kingdom 4 Mike Hawthorn
36%
Brazil 11 Rubens Barrichello
36%
United Kingdom 6 John Surtees
34%
Argentina 12 Carlos Reutemann
32%
Australia 9 Mark Webber
32%
France 1 Pierre Gasly
30%
Austria 10 Gerhard Berger
25%
Venezuela 1 Pastor Maldonado
23%
Poland 1 Robert Kubica
20%
Sweden 10 Ronnie Peterson
20%
Belgium 8 Jacky Ickx
18%
Colombia 7 Juan Pablo Montoya
18%
New Zealand 4 Bruce McLaren
16%
Spain 1 Carlos Sainz Jr.
16%
Finland 1 Heikki Kovalainen
16%
Italy 1 Jarno Trulli
16%
Switzerland 5 Clay Regazzoni
11%
Italy 5 Michele Alboreto
11%
France 7 Rene Arnoux
11%
United Kingdom 4 Eddie Irvine
9%
Brazil 11 Filipe Massa
9%
France 1 Jean Alesi
9%
Germany 1 Jochen Mass
9%
United Kingdom 3 Johnny Herbert
9%
Italy 1 Luigi Musso
9%
France 1 Olivier Panis
9%
Italy 6 Ricardo Patrese
9%
United States 4 Dan Gurney
7%
France 1 Francois Cevert
7%
Germany 3 Heinz-Harald Frentzen
7%
Sweden 1 Jo Bonnier
7%
Switzerland 2 Jo Siffert
7%
France 2 Maurice Trintignant
7%
Mexico 2 Pedro Rodriguez
7%
United Kingdom 3 Peter Collins
7%
United States 2 Peter Revson
7%
Belgium 3 Thierry Boutsen
7%
United Kingdom 6 Tony Brooks
7%
United States 2 Bill Vukovich
5%
France 3 Didier Pironi
5%
Italy 2 Elio de Angelis
5%
Italy 1 Giancarlo Baghetti
5%
Italy 3 Giancarlo Fisichella
5%
France 6 Jacques Laffite
5%
France 2 Jean-Pierre Jabouille
5%
United States 1 Jimmy Bryan
5%
United States 1 Jim Rathmann
5%
United States 1 Johnnie Parsons
5%
United Kingdom 5 John Watson
5%
Brazil 1 Jose Carlos Pace
5%
United States 1 Lee Wallard
5%
United States 1 Pat Flaherty
5%
France 2 Patrick Tambay
5%
United States 1 Rodger Ward
5%
United States 1 Sam Hanks
5%
United States 1 Troy Ruttman
5%
Germany 2 Wolfgang von Trips
5%
Italy 1 Alessandro Nannini
2%
United States 1 Bob Sweikert
2%
Sweden 1 Gunnar Nilsson
2%
United Kingdom 1 Innes Ireland
2%
France 1 Jean-Pierre Beltoise
2%
Argentina 2 Jose Froilan Gonzalez
2%
Italy 1 Lorenzo Bandini
2%
Italy 1 Ludovico Scarfiotti
2%
Italy 1 Luigi Fagioli
2%
France 2 Patrick Depailler
2%
United Kingdom 1 Peter Gethin
2%
Italy 1 Piero Taruffi
2%
United States 1 Ritchie Ginther
2%
Italy 1 Vittorio Brambillia
0%
No matching quizzes found
Score Distribution
Percent of People with Each Score
Percentile by Number Answered
Your Score History
You have not taken this quiz